Представление документа в формате RUSMARC

ПолеНазваниеЗначение
  Тип записи i
  Библиографический уровень m
001 Контрольный номер RU/IS/BASE/479926600
005 Дата корректировки 20260312162857.5
010 Индекс ISBN __
a ISBN 978-5-9677-2072-7 (в кор.)
d Цена 256-50
100 Данные общей обработки __
a Данные общей обработки 19150317d2014||||||| 0rusy0189 ca
101 Язык документа 1_
a Язык текста rus
c Язык оригинала fre
102 Страна публикации __
a Страна публикации ru|
105 Кодированные данные (монография) __
a Кодированные данные (монография) nn|||||||z|zy
127 Кодированные данные (звукозаписи-физические характеристики) __
a Продолжительность проигрывания 01 ч 30 мин
200 Заглавие и сведения об ответственности 1_
a Заглавие Мадам Бовари
e Сведения, относящиеся к заглавию [радиоспектакль, запись 1960 г. : 16+]
f Первые сведения об ответственности Фридрих Шиллер ; [исполнители: Алиса Коонен и др. ; постановка Алисы Коонен]
b Общее обозначение материала Звукозапись
210 Выходные данные 1_
a Место издания Москва
c Издательство 1С-Паблишинг
c Издательство Агентство
d Дата издания 2014
215 Физическое описание __
a Объем 1 электрон. опт. диск (Audio CD)
c Иллюстрации/тип воспроизводства mp3, stereo
d Формат 12х14 см
225 Серия 2_
a Серия 1С: Аудиотеатр
230 Специфическая характеристика материала: электронные ресурсы __
a Обозначение и объем ресурса Электронные звуковые данные
300 Общие примечания __
a Общие примечания На кор. указ.: 12+
323 Примечание о главных создателях, исполнителях, участниках __
a Примечание о главных создателях, исполнителях, участниках Коонен, А.
323 Примечание о главных создателях, исполнителях, участниках __
a Примечание о главных создателях, исполнителях, участниках Весник, Е.
323 Примечание о главных создателях, исполнителях, участниках __
a Примечание о главных создателях, исполнителях, участниках Яниковский, Г.
323 Примечание о главных создателях, исполнителях, участниках __
a Примечание о главных создателях, исполнителях, участниках Петкер, Б.
323 Примечание о главных создателях, исполнителях, участниках __
a Примечание о главных создателях, исполнителях, участниках Уварова, Е.
323 Примечание о главных создателях, исполнителях, участниках __
a Примечание о главных создателях, исполнителях, участниках Сумароков, Д.
323 Примечание о главных создателях, исполнителях, участниках __
a Примечание о главных создателях, исполнителях, участниках Хмельницкий, Ю.
323 Примечание о главных создателях, исполнителях, участниках __
a Примечание о главных создателях, исполнителях, участниках Ларионов, А.
323 Примечание о главных создателях, исполнителях, участниках __
a Примечание о главных создателях, исполнителях, участниках Новлянский, Н.
323 Примечание о главных создателях, исполнителях, участниках __
a Примечание о главных создателях, исполнителях, участниках Липовецкий, А.
323 Примечание о главных создателях, исполнителях, участниках __
a Примечание о главных создателях, исполнителях, участниках Горячих, Л.
323 Примечание о главных создателях, исполнителях, участниках __
a Примечание о главных создателях, исполнителях, участниках Вахтеров, К.
330 Аннотация __
a Аннотация Прослушайте аудиоспектакль, поставленный по самой известной книге выдающегося французского писателя Гюстава Флобера. Роман МАДАМ БОВАРИ впервые был опубликован в журнале "Ревю де Пари" в 1856 году. Очень скоро автора и редактора журнала привлекли к судебной ответственности за "оскорбление морали". И немудрено, ведь главной героиней романа стала порочная, безнравственная, но такая соблазнительная женщина. Не найдя счастья в браке с сельским врачом, она, что называется, пустилась во все тяжкие... Французский суд оправдал ответчиков. А история мировой литературы вынесла свой приговор, поставив МАДАМ БОВАРИ в ряд классических образцов художественной прозы.
333 Примечание о целевом назначении __
a Примечание о целевом назначении 16+. Для детей старше 16 лет
337 Примечание о системных требованиях (электронные ресурсы) __
a Примечание о системных требованиях (электронные ресурсы) Системные требования: MS Windows 95/98/2000/XP/Vista/7 ; Pentium 100 ; RAM 16 Мб ; SVGA, 800x600 ; CD-ROM ; зв. карта ; колонки или наушники ; мышь или аудиосистемы с поддержкой формата MP3: музыкальный центр ; CD/DVD-плеер и т.д.
606 Тематические рубрики __
a Основная рубрика Музыка и зрелищные искусства
606 Тематические рубрики __
a Основная рубрика Художественное радиовещание
606 Тематические рубрики __
a Основная рубрика Художественная литература
606 Тематические рубрики __
a Основная рубрика Литература Европы (произведения)
610 Ключевые слова 0_
a Ключевые слова аудиопостановки
a Ключевые слова аудиоспектакли
a Ключевые слова иностранная литература
a Ключевые слова литературные герои
a Ключевые слова литературные персонажи
a Ключевые слова проза
a Ключевые слова радиоспектакли
a Ключевые слова романы
a Ключевые слова тема взаимоотношений
a Ключевые слова тема женщины
a Ключевые слова тема любви
a Ключевые слова тема морали
a Ключевые слова тема мужчины
a Ключевые слова французская литература
a Ключевые слова Эмма Бовари
686 Индексы других классификаций __
2 Код системы rubbks
a Классификационный индекс 85.381.3(2)-7я04
686 Индексы других классификаций __
2 Код системы rubbks
a Классификационный индекс 84(4Фра)52-4я04; ст85.38я0 + ст84(4Фра)-4я0
700 Автор _1
a Фамилия Флобер
b Имя Г.
g Полное личное имя Гюстав
4 Код отношения 070
702 Вторичная интеллектуальная ответственность _1
a Фамилия Коонен
b Имя А.
4 Код отношения Оператор
4 Код отношения 600
711 Наименование организации. (Альтернативная ответственность) 02
a Организация/ юрисдикция Государственный академический Малый театр
801 Источник записи _0
a Страна ru
b Организация Муниципальное бюджетное учреждение культуры "Централизованная библиотечная система" г. Сургут (Центральная городская библиотека им. А. С. Пушкина)
c Дата составления 20150317
g Правила каталогизации КиК/Лукашук
801 Источник записи _1
a Страна ru
b Организация Муниципальное бюджетное учреждение культуры "Централизованная библиотечная система" г. Сургут (Центральная городская библиотека им. А. С. Пушкина)
c Дата составления 20150317
g Правила каталогизации КиК/Лукашук
852 Данные о местонахождении __
j Шифр хранения 85.381.3(2)-7я04
i Авторский знак Ф 73
901 Тип документа 1_
t Тип документа 0
903 Характеристики (МАРС) __
a Дата передачи 20150317
969 Тип издания __
a Тип издания аудиоспектакль; издание для слепых
990 Данные о заказе (DOS) __
j Количество экземпляров (DOS) 6
t N записи в КСУ для И/У (DOS) 201503